| 000 | 00000nam##2200000za#4500 |
| 001 | 9.641714 |
| 003 | CaOODSP |
| 005 | 20241210082339 |
| 007 | cr ||||||||||| |
| 008 | 150407|2003||||xxc|||||o f|0| 0 fre|d |
| 040 | |aCaOODSP|bfre |
| 043 | |an-cn--- |
| 086 | 1 |aFB2-25/2003F-PDF |
| 110 | 2 |aBanque du Canada. |
| 245 | 14|aUne évolution planifiée : |h[ressource électronique]|bl'histoire de l'Association canadienne des paiements, de 1980 a 2002 / |cJames F. Dingle. |
| 260 | |aOttawa - Ontario : |bBanque du Canada |c2003. |
| 300 | |a82p.|bill. (certaines en couleur), photographies, index |
| 500 | |a«Publication réalisée conjointement par la Banque du Canada et l'Association canadienne des paiements».--Page 3 de 82. L'ISBN (0-662-67377-8) de l'édition imprimiée bilingue a été incorrectement copié dans l'édition pdf. |
| 590 | |a13-11-Supp|b2013-04-26 |
| 775 | 08|tPlanning an evolution : |w(CaOODSP)9.697685 |
| 856 | 40|ahttp://publications.gc.ca|qPDF|s5691 Ko|uhttps://publications.gc.ca/collections/collection_2013/banque-bank-canada/FB2-25-2003-fra.pdf |